000 00320nam a2200121Ia 4500
008 240731s9999 xx 000 0 und d
022 _a2051-1795
245 0 _aJournal of Textile Design Research and Practice
260 _bRoutledge
856 _uhttps://www.tandfonline.com/loi/rftd20
942 _2ddc
942 _cTFEJ
999 _c78219
_d78219
945 _a1
_bMadushi Gamage
_c1
_dMadushi Gamage